Inventions célèbres - mais devinez l'inventeur - Statistiques

Statistiques générales
  • Ce quiz a été pris 68 fois
    58 depuis la dernière actualisation
  • Le résultat moyen est 8 sur 15
Statistiques - réponses
Invention Inventeur % Correct
Le vaccin contre la rage Louis Pasteur
96%
L'imprimerie Johannes Gutenberg
86%
Tesla Motors (voiture électrique) Elon Musk
82%
Le cinéma (en projection publique) Frères Lumière
82%
L'iPhone Steve Jobs / Apple
78%
L'ampoule électrique Thomas Edison / Joseph Swan
74%
La dynamite Alfred Nobel
72%
Le braille Louis Braille
68%
Le code Morse Samuel Morse
58%
L'avion (motorisé et contrôlé) Frères Wright
42%
Bitcoin Satoshi Nakamoto
18%
World Wibe Web Tim Berners-Lee
10%
Le microscope Zacharias Janssen
6%
Le moteur à combustion interne Nikolaus Otto
4%
Le zéro (concept mathématique) Brahmagupta
0%
Aucun quiz correspondant
Distribution des résultats
% des personnes avec chaque résultat
Percentile par nombre de réponses
Votre historique - résultats
Vous n’avez pas pris ce quiz depuis la dernière actualisation